000 00301nam a22001337a 4500
008 170824b xxu||||| |||| 00| 0 eng d
020 _a0201162903
041 _aeng
080 _26TH
_a51
100 _a38
101 _aMAT
245 _aCALCULUS AND ANALYTIC GEOMETRY
_cTHOMAS,G.B
942 _2udc
_cBK
999 _c24779
_d24779